000
00186nam a2200085 4500
001
1244287
005
20251020114354.0
245
_a
ACAR SÜVARİ TUTUK ARBALET
_c
ALİ EMRE
260
_b
KETEBE
999
_c
1244287
_d
1244287